Practical literacy of young adults : educational antecedents and influences (Record no. 74676)
[ view plain ]
| 000 -CABECERA | |
|---|---|
| campo de control de longitud fija | 00690nam a2200229 a 4500 |
| 005 - FECHA Y HORA DE LA ÚLTIMA TRANSACCIÓN | |
| campo de control | 20210223124005.0 |
| 008 - ELEMENTOS DE LONGITUD FIJA--INFORMACIÓN GENERAL | |
| campo de control de longitud fija | 991125n 000 0 u |
| 035 ## - NÚMERO DE CONTROL DEL SISTEMA | |
| Número de control de sistema | UPN01000093356 |
| 100 1# - ASIENTO PRINCIPAL--NOMBRE PERSONAL | |
| Nombre de persona | Weinstein, Thomas |
| 222 ## - TÍTULO CLAVE | |
| Título clave | JOURNAL OF RESEARCH IN READING |
| 245 ## - MENCIÓN DE TÍTULO | |
| Título | Practical literacy of young adults : educational antecedents and influences |
| 300 ## - DESCRIPCIÓN FÍSICA | |
| Extensión | 3-19 |
| 362 0# - FECHAS DE PUBLICACIÓN Y/O DESIGNACIÓN SECUENCIAL | |
| Fecha de publicación y/o designación secuencial | 16, No. 1, 993 |
| 505 ## - NOTA DE CONTENIDO CON FORMATO PREESTABLECIDO | |
| Nota de contenido con formato | Agosto 1993 |
| 653 0# - TERMINO DE INDIZACION - NO CONTROLADO | |
| Término no controlado | ALFABETIZACION DEL ADULTO |
| 653 0# - TERMINO DE INDIZACION - NO CONTROLADO | |
| Término no controlado | EXPERIENCIA EDUCATIVA |
| 653 0# - TERMINO DE INDIZACION - NO CONTROLADO | |
| Término no controlado | HABILIDAD LECTORA |
| 653 0# - TERMINO DE INDIZACION - NO CONTROLADO | |
| Término no controlado | HABILIDAD PARA LA ESCRITURA |
| 700 1# - ASIENTO SECUNDARIO--NOMBRE DE PERSONAL | |
| Nombre de persona | Walberg, Herbert J., |
| Fechas asociadas al nombre | 1937- |
| Término indicativo de función/relación | coaut. |
| 9 (RLIN) | 29494 |
| 904 ## - ELEMENTOS DE DATOS D LOCAL, LDD (RLIN) | |
| a | AC |
| b | 031167 |
| 905 ## - TIPO DE MATERIAL | |
| Tipo de material | Articulo |
No items available.
